Statistics for New Zealand Immigration by Country

Click here to take the quiz!

General Stats

  • This quiz has been taken 1,080 times
  • The average score is 15 of 20

Answer Stats

# PeopleCountry of Origin% Correct
75,696Australia
98%
259,428United Kingdom
98%
143,898China
97%
27,678United States
96%
117,348India
94%
13,107Japan
88%
11,928Canada
87%
16,605Germany
81%
62,310Fiji
80%
30,975South Korea
79%
67,632Philippines
74%
10,251Thailand
73%
19,860Malaysia
70%
55,512Samoa
70%
10,494Ireland
69%
71,382South Africa
66%
26,856Tonga
64%
10,440Taiwan
55%
19,329Netherlands
47%
14,349Sri Lanka
46%

Score Distribution

Percentile by Number Answered

Percent of People with Each Score

Your Score History

You have not taken this quiz